Statistics for U.S. Presidential Trivia Quiz #1

Click here to take the quiz!

General Stats

  • This quiz has been taken 45,223 times
    (32,602 since last reset)
  • The average score is 13 of 26

Answer Stats

Clue President % Correct
Only African-American presidentBarack Obama
100%
Only president to resignRichard Nixon
93%
Had polioFranklin Roosevelt
75%
Only Catholic presidentJohn F. Kennedy
73%
Played the saxophoneBill Clinton
64%
Lived at Mount VernonGeorge Washington
64%
Oldest (77 years)Ronald Reagan
64%
Heaviest (300-350 lbs)William Taft
61%
First Republican presidentAbraham Lincoln
61%
Served non-consecutive termsGrover Cleveland
60%
Founded the University of VirginiaThomas Jefferson
55%
Hated broccoliGeorge H.W. Bush
55%
Never elected as President or VPGerald Ford
54%
Papers said he lost to DeweyHarry Truman
53%
Fought 13 duelsAndrew Jackson
50%
First to be impeachedAndrew Johnson
45%
Most vacation days (1,020)George W. Bush
45%
Wore sweaters in the White HouseJimmy Carter
42%
Grandfather was also PresidentBenjamin Harrison
39%
Once led Princeton UniversityWoodrow Wilson
31%
Conducted business on the toiletLyndon Johnson
29%
Only president to never marryJames Buchanan
28%
Reputation damaged by the
Teapot Dome scandal
Warren Harding
27%
First to win a Nobel Peace PrizeTheodore Roosevelt
26%
Famously taciturnCalvin Coolidge
23%
His memoirs called
"a literary masterpiece"
Ulysses S. Grant
14%

Score Distribution

Percentile by Number Answered

Percent of People with Each Score

Your Score History

You have not taken this quiz since the last reset